Countries with the largest percentage of a certain religion - Statistics

General Stats
  • This quiz has been taken 110 times
  • The average score is 5 of 9
Answer Stats
Hint Answer % Correct
Sikhism India
97%
Judaism Israel
90%
Hinduism Nepal
74%
Buddhism Cambodia
55%
Muslim Mauritania/Maldives
48%
Taoism Taiwan
48%
Irreligious Czech Republic
41%
Spiritism Cuba
17%
Christianity Samoa
6%
No matching quizzes found
Score Distribution
Percent of People with Each Score
Percentile by Number Answered
Your Score History
You have not taken this quiz